00995cam a2200313 a 45000010009000000050017000090080041000260100017000670160018000840200015001020200018001170350024001350400077001590420014002360500030002500820010002801000028002902450070003182460016003882600040004043000053004445000020004975210027005176300022005446500025005666500033005916500029006247000028006531776817020141106164015.0130607s2013 inua 001 0 eng d a 20122774307 a0162252302Uk a0789750775 a9780789750778 a(OCoLC)ocn814373193 aYDXCPcYDXCPdBTCTAdUKMGBdOCLCQdBDXdNZROPdOCLCOdJTEdIUKdCDXdDLC alccopycat00aHF 5548.4.M525b.R88 201304a005.51 aRutledge, Patrice-Anne.10aEasy office 2013 /cPatrice-Anne Rutledge, Sherry Kinkoph Gunter.30aOffice 2013 a[Indianapolis, IN.] :bQue,cc2013. axvii, 336 pages :bcolor illustrations ;c26 cm. aIncludes index. aInformation Technology00aMicrosoft Office. 0aIntegrated software. 0aBusinessxComputer programs. 7aComputers and IT.2eflch1 aGunter, Sherry Kinkoph.